Geography Quiz

Random Geography or State Quiz

Quick Pick: Which C State Quiz Stats

 Plays Quiz not verified by Sporcle

Support Sporcle.
Go Orange.
Score 0/16 Timer 01:30
0 Plays Today
% Correct
Connecticut
89.6%
California
88.6%
Connecticut
88.2%
Connecticut
85.2%
California
83.9%
Colorado
82.6%
California
80.4%
Connecticut
80.1%
% Correct
Colorado
77.1%
Colorado
76.7%
Colorado
76.2%
California
75.5%
California
70.1%
Colorado
69.1%
Connecticut
68.9%
California
66.1%

You're not logged in!

Compare scores with friends on all Sporcle quizzes.
OR
Log In

From the Vault

MLB MVP (A-Z)

by gnatural

Lets see how well you know your MVP ABCs.
Remove Ads.
Support Sporcle.
Get the best of Sporcle when you Go Orange. This ad-free experience offers more features, more stats, and more fun while also helping to support Sporcle. Thank you for becoming a member.

Show Comments

Extras

Top Quizzes Today


Score Distribution

Your Account Isn't Verified!

In order to create a playlist on Sporcle, you need to verify the email address you used during registration. Go to your Sporcle Settings to finish the process.

Report this User

Report this user for behavior that violates our Community Guidelines.

Details: